Responses for Show #8636 - Monday, May 9, 2022

Mayim Bialik hosts.

Contestants

[<< previous game]

Emily Levant, an associate creative director from Los Angeles, California

Karim Oliver, a student at Vanderbilt University from St. Petersburg, Florida

Danielle Maurer, a digital marketing manager from Peachtree Corners, Georgia (whose 1-day cash winnings total $15,600)

[next game >>]

Jeopardy! Round responses

ALL ABOUT AMPHIBIANS
COLORFUL ALBUMS
PREPOSITIONAL LITERATURE
MENACE TO SOBRIETY
INTERNATIONAL RHYME TIME
2 "R"s NOT TO REASON WHY
(Mayim: There are two "R"s in each response.)
    $200 21
a bullfrog

Danielle
    $200 12
the White Album

Danielle
    $200 28
the Civil War

Karim
    $200 17
Budweiser

Emily
    $200 3
a thin Finn

Danielle
    $200 30
frère

Emily
    $400 22
(Charles) Darwin

Danielle
    $400 11
The Black Album

Karim
    $400 27
the Moon

Danielle
    $400 18
Dom Perignon

Emily
    $400 23
a Nile isle

Triple Stumper
    $400 29
a parlor

Emily
    $600 7
tadpoles

Karim
    $1,000 10
(Karim: Um... what is, uh... "Jailhouse Rock"?)

"Blue Christmas"

Karim
    $600 2
Into the Wild

Emily
    $600 13
brandy

Triple Stumper
    $600 1
Andes candies

Triple Stumper
    $600 4
a porter

Danielle
    $800 24
a newt

Danielle
    $800 9
(Karim: What is Yellow Brick Road?)
(Mayim: I'm sorry.)
(Karim: [Loud exasperated grunt])

Goodbye Yellow Brick Road

Karim
Triple Stumper
    $800 6
In the Heat of the Night

Triple Stumper
    $800 19
Jack Daniel's

Emily
    $800 14
spooky kabuki

Danielle
    $800 5
a ramrod

Danielle
    $1000 25
(Emily: What are hush puppies?)

a mud puppy

Emily
Triple Stumper
    $1000 8
Golden Hour

Karim
    $1000 16
The Little House (on the Prairie series) books

Emily
    $1000 20
absinthe

Emily
    $1000 15
casa Mombasa

Karim
    $1000 26
hierarchy

Danielle

Scores at the first commercial break (after clue 16):

Danielle Karim Emily
$2,600 $1,200 $1,600

Scores at the end of the Jeopardy! Round:

Danielle Karim Emily
$5,400 $1,400 $3,600

Double Jeopardy! Round responses

U.S. GEOGRAPHY
AUTOBIOGRAPHICAL MOVIES
LET'S GET NAUTICAL
YOU SAID IT!
MAKE IT SINGULAR
THE NUREMBERG TRIALS
(Jimmy: After World War II, the eyes of the world were on this courtroom. Would justice be served for some of history's most heinous crimes?)
    $400 4
Alaska

Danielle
    $400 8
Crooklyn

Emily
    $400 10
die

Danielle
    $400 16
humanity

Emily
    $2,000 14
(Karim: What is, uh, Philadelphia?)
...
(Karim: [After Mayim gives the correct response] Oh, my gosh! Oh! Ah!)

New York City, Philadelphia & Baltimore

Karim
    $800 9
(Karim: What is Out of Africa?)

Dirty Dancing

KarimEmily
    $2,000 23
(Mayim: Less than a minute.)

batten down the hatches

Danielle
    $800 28
[The end-of-round signal sounds.]

(P.T.) Barnum

Emily
    $800 25
apex

Emily
    $800 17
Great Britain, France & Soviet Union

Danielle
    $1200 3
the Plains

Emily
    $1200 7
Belfast

Emily
    $1200 20
the HMS Victory

Triple Stumper
    $1200 13
(Emily: Who is Roy Kroc?)
[Last name only accepted; first name Ray not mentioned]

(Ray) Kroc

KarimEmily
    $1200 11
criterion

Danielle
    $1200 18
the Supreme Court

Danielle
    $1600 5
Idaho

Karim
    $1600 2
(Emily: What is Fast Times at Ridgemont High?)

American Graffiti

DanielleEmily
    $1600 22
Jimmy Carter

Triple Stumper
    $1600 26
Mother Teresa

Danielle
    $1600 12
erratum

Triple Stumper
    $1600 19
Hermann Göring

Triple Stumper
    $2000 6
(Karim: What is the Moab?)

the Great Basin Desert

Karim
Triple Stumper
    $2000 1
Terrence Malick

Triple Stumper
    $2000 24
David Farragut

Triple Stumper
    $2000 27
Galileo

Karim
    $2000 21
corpus

Triple Stumper
    $2000 15
the Gestapo

Emily

Scores at the end of the Double Jeopardy! Round:

Danielle Karim Emily
$14,600 $1,400 $8,400

[wagering suggestions for these scores]

Final Jeopardy! Round responses

NOVEL TITLES
(Mayim: [To Karim] This has been very cool and it's been cool having you.)
...
(Mayim: Correct response--"What is [*]?" By Hemingway.)
KarimWhat is this has been so cool.
$1,000
EmilyWhat is The Grapes of Wrath?
$7,000
DanielleWhat The Great Gatsby?
$2,201
A Farewell to Arms

Final scores:

Danielle Karim Emily
$12,399 $400 $1,400
2-day champion: $27,999 3rd place: $1,000 2nd place: $2,000

Game dynamics:

Coryat scores:

Danielle Karim Emily
$13,400 $4,400 $8,400
18 R
(including 1 DD),
0 W
8 R,
5 W
(including 2 DDs)
16 R,
3 W

Combined Coryat: $26,200

[game clues] [game scores] [suggest correction]

Game tape date: 2022-02-28
The J! Archive is created by fans, for fans. Scraping, republication, monetization, and malicious use prohibited; this site may use cookies and collect identifying information. See terms. The Jeopardy! game show and all elements thereof, including but not limited to copyright and trademark thereto, are the property of Jeopardy Productions, Inc. and are protected under law. This website is not affiliated with, sponsored by, or operated by Jeopardy Productions, Inc. Join the discussion at JBoard.tv.